| 000 | 00662nam a2200241 a 4500 | ||
|---|---|---|---|
| 001 | 86591 | ||
| 003 | BD-RjUL | ||
| 005 | 20260625120229.0 | ||
| 008 | 260625s1955 enk||||| |||| 00| 0 eng d | ||
| 035 | _a(BD-RjUL)86591 | ||
| 040 |
_aBD-RjUL _beng _cBD-RjUL |
||
| 041 | _aeng | ||
| 082 |
_223 _a891.4391 _bIQP 1955 |
||
| 100 |
_aIqbal, Muhammad _918708 |
||
| 245 |
_aPoems from Iqbal / _cTranslated by V. G. Kiernan. |
||
| 260 |
_aLondon : _bJohn Murray, _c1955 |
||
| 300 |
_a112 p.; _c17 cm. |
||
| 490 | _aThe Wisdom of the East | ||
| 650 | _aUrdu poetry | ||
| 700 |
_aKiernan, V. G. _918709 |
||
| 830 |
_aThe Wisdom of the East _918710 |
||
| 942 |
_2ddc _cBK |
||
| 999 |
_c86591 _d86591 |
||